Boston : the job ahead /

Saved in:
Bibliographic Details
Main Author: Meyerson, Martin
Other Authors: Banfield, Edward C.
Format: Book
Language:English
Published: Cambridge, Mass. : Harvard University Press, 1966.
Subjects:
LEADER 00985nam a2200253 i 4500
001 c000337841
003 CARM
005 00000000000000.0
008 810119s1966 mauab 00100 eng d
019 1 |a 2274560  |z 42454551  |z 28027248  |5 LACONCORD2021 
035 |a (OCoLC)261176  |5 LACONCORD2021 
100 1 |a Meyerson, Martin. 
245 1 0 |a Boston :  |b the job ahead /  |c Martin Meyerson and Edward C. Banfield. 
260 |a Cambridge, Mass. :  |b Harvard University Press,  |c 1966. 
300 |a 121p. :  |b ill. maps. 
500 |a Includes index. 
650 0 |a Cities and towns  |z Massachusetts  |z Boston. 
650 0 |a City planning  |z Massachusetts. 
650 0 |a City planning  |z Massachusetts  |z Boston. 
700 1 |a Banfield, Edward C. 
852 8 |b CARM  |h A1:AM05B0  |i B09234  |p 0425330  |f BK 
082 0 4 |a 711.40974461 
999 f f |i 8ae490fa-5427-5d1a-b92a-e8124ad645a1  |s fac4c71b-989a-57eb-ac12-0b8e9ada785b 
952 f f |p Can circulate  |a CAVAL  |b CAVAL  |c CAVAL  |d CARM 1 Store  |e B09234  |f A1:AM05B0  |h Other scheme  |i book  |m 0425330